International tables for X-ray crystallography / (Record no. 19486)
[ view plain ]
| 000 -LEADER | |
|---|---|
| fixed length control field | 00904cam a2200265u 4500 |
| 001 - CONTROL NUMBER | |
| control field | 19486 |
| 003 - CONTROL NUMBER IDENTIFIER | |
| rucl marc code | BD-RjUL |
| 005 - DATE AND TIME OF LATEST TRANSACTION | |
| control field | 20211209000435.0 |
| 008 - FIXED-LENGTH DATA ELEMENTS--GENERAL INFORMATION | |
| fixed length control field | 140224s1959 enka 000 0 eng d |
| 035 ## - SYSTEM CONTROL NUMBER | |
| System control number | (BD-RjUL)19546 |
| 040 ## - CATALOGING SOURCE | |
| Original cataloging agency | DLC |
| Transcribing agency | CarP |
| Modifying agency | DLC |
| -- | BD-RjUL |
| Language of cataloging | eng |
| 041 ## - LANGUAGE CODE | |
| Language code of text/sound track or separate title | eng |
| 082 00 - DEWEY DECIMAL CLASSIFICATION NUMBER | |
| Classification number | 548.83 |
| Author mark and year | INT V-2 1959 |
| 110 2# - MAIN ENTRY--CORPORATE NAME | |
| Corporate name or jurisdiction name as entry element | International Union of Crystallography. [from old catalog] |
| 9 (RLIN) | 59874 |
| 245 10 - TITLE STATEMENT | |
| Title | International tables for X-ray crystallography / |
| Statement of responsibility, etc. | Ed. by john s. Kasper and Kathleen Lonsdale |
| Number of part/section of a work | Volume 2 |
| Name of part/section of a work | Mathematical Tables |
| 260 ## - PUBLICATION, DISTRIBUTION, ETC. (IMPRINT) | |
| Place of publication, distribution, etc. | Birmingham, Eng : |
| Name of publisher, distributor, etc. | Kynoch Press, |
| Date of publication, distribution, etc. | 1959 |
| 300 ## - PHYSICAL DESCRIPTION | |
| Pagination | xviii,444p. : |
| Illustrations | diagrs. ; |
| Size | 29 cm. |
| 650 #0 - SUBJECT ADDED ENTRY--TOPICAL TERM | |
| Topical term or geographic name as entry element | Crystallography |
| Form subdivision | Tables. |
| 9 (RLIN) | 59871 |
| Topical term or geographic name as entry element | Crystallography |
| Form subdivision | Diffraction |
| 9 (RLIN) | 227300 |
| 700 1# - ADDED ENTRY--PERSONAL NAME | |
| Personal name | Kasper , john s. |
| Personal name | Lonsdale, Kathleen |
| 942 ## - ADDED ENTRY ELEMENTS (KOHA) | |
| Source of classification or shelving scheme | Dewey Decimal Classification |
| Koha item type | Books |
| Lost status | Source of classification or shelving scheme | Damaged status | Not for loan | Collection code | Permanent Location | Current Location | Shelving location | Date acquired | Source of acquisition | Cost, normal purchase price | Total Checkouts | Full call number | Date last seen | Copy number | Koha item type |
|---|---|---|---|---|---|---|---|---|---|---|---|---|---|---|---|
| Dewey Decimal Classification | Not For Loan | Non-fiction | Central Library, University of Rajshahi | Central Library, University of Rajshahi | Reading Room | 29/06/1963 | Zeithlinger. | 0.00 | 548.83 INT V-2 1959 | 24/02/2014 | C-1 | Books |